| 000 | 00536nam a2200181 i 4500 | ||
|---|---|---|---|
| 001 | 63670 | ||
| 003 | ES-MaACL | ||
| 005 | 20250929063126.0 | ||
| 007 | t| | ||
| 008 | 031215s1924 po ||||1| por d | ||
| 100 | 1 |
_aAlmeida, Fialho de, _d1857-1911 _9155186 |
|
| 245 | 1 | 0 |
_aVida irónica _b: (jornal d'un vagabundo) / _cFialho d'Almeida. |
| 250 | _a5ª ed. | ||
| 260 |
_aLisboa : _bA.M. Teixeira, _c1924 ( _ePorto : _fImp. Portuguesa) |
||
| 300 |
_a393 p. ; _c20 cm. |
||
| 852 |
_aES-MaACL _jA-4379 |
||
| 999 |
_c63670 _d63670 |
||